Angielski1 - Statystyki

Ogólne statystyki
  • Ten quiz został rozwiązany 161 razy
  • Średni wynik to 11 z 30
Statystyki odpowiedzi
Hint Odpowiedź % Poprawnych
zabawny funny
81%
lojalny loyal
73%
pewny siebie confident
70%
ambitny ambitious
64%
arogancki arrogant
64%
odważny brave
64%
optymistyczny optimistic
52%
spokojny calm
51%
cierpliwy patient
47%
pesymistyczny pessimist
47%
punktualny punctual
44%
pracowity hard-working
39%
uczciwy honest
39%
self-confident pewny siebie
39%
uprzejmy kind
36%
gadatliwy talkative
36%
nieuczciwy dishonest
30%
hojny generous
28%
poważny serious
27%
nie grzeczny rude
25%
uparty stubborn
22%
humorzasty moody
20%
uprzejmy polite
20%
tchórzliwy cowardly
16%
skąpy mean
14%
towarzyski sociable
14%
dowcipny humorous
13%
godny zaufania,solidny, niezawodny reliable
11%
niechlujny;nieporządny messy
10%
zarozumiały big-headed
2%
Nie znaleziono quizów pasujących do podanych kryteriów
Rozkład punktacji
Procent ludzi z każdym wynikiem
Percentyl według liczby udzielonych odpowiedzi
Twoja historia wyników
Nie rozwiązałeś tego quizu